Anagramme de pays - Statistiques

Statistiques générales
  • Ce quiz a été pris 135 fois
  • Le résultat moyen est 6 sur 10
Statistiques - réponses
Hint Réponse % Correct
Niche Chine
97%
Ingerai Nigeria
83%
Noma Oman
83%
Amibien Namibie
79%
Plane Nepal
74%
Aumonier Roumanie
55%
Inuites Tunisie
52%
Tenoise Estonie
27%
S'amenuir Suriname
13%
Aldines Islandes
4%
Aucun quiz correspondant
Distribution des résultats
% des personnes avec chaque résultat
Percentile par nombre de réponses
Votre historique - résultats
Vous n’avez pas pris ce quiz